| 000 | 00502nam a2200181Ia 4500 | ||
|---|---|---|---|
| 001 | 45990 | ||
| 008 | 140428s9999 xx 000 0 und d | ||
| 020 | _aNA | ||
| 040 | _cPK-LaUMT | ||
| 082 |
_aRHC 891.4394 _bABU-S |
||
| 100 | _aAbual Imtaz Ain Seen Muslim | ||
| 245 |
_aSarood-naat (Urdu) _bmazaameen-o-makalaat _cAbual Imtaz Ain Seen Muslim |
||
| 260 |
_aLahore,Pakistan: _bAl-Hamad Publications, _c2000 |
||
| 300 | _a174 p. | ||
| 546 | _aUR | ||
| 650 | _aPakistani literature-Urdu | ||
| 942 | _cBK | ||
| 999 |
_c43947 _d43947 |
||